Elections, parties, democracy: conferring the median mandate /
Guardado en:
| Autor principal: | |
|---|---|
| Otros Autores: | |
| Formato: | Texto |
| Lenguaje: | Spanish |
| Publicado: |
New York:
Oxford University Press
|
| Materias: | |
| Etiquetas: |
Agregar Etiqueta
Sin Etiquetas, Sea el primero en etiquetar este registro!
|
MARC
| LEADER | 00000 a a2200000 04500 | ||
|---|---|---|---|
| 001 | 33338 | ||
| 003 | cru CIDCACS/IIS | ||
| 005 | 20231127092916.0 | ||
| 008 | 170420b xxu||||| |||| 00| 0 spa d | ||
| 020 | |a 0-19-9286728 | ||
| 040 | |c cru CIDCACS/IIS |a cru CIDCACS/IIS | ||
| 090 | |a 04.04.02 M135e | ||
| 100 | |a McDonald, Michael D. | ||
| 245 | |a Elections, parties, democracy: conferring the median mandate / |c Michael D. McDonald | ||
| 260 | |a New York: |b Oxford University Press | ||
| 300 | |a 257 p. | ||
| 650 | |a TEORIA POLITICA | ||
| 650 | |a ELECCIONES | ||
| 650 | |a DEMOCRACIA | ||
| 650 | |a PARTIDOS POLITICOS | ||
| 650 | |a GOBIERNO | ||
| 700 | |a Budge, Ian | ||
| 942 | |2 z |c LI |h 04.04.02 M135e |i 00563 |6 040402_M135E_00563 | ||
| 999 | |c 15244 |d 15244 | ||



